Friends Cliffhangers Quiz Stats

Quiz not verified by Sporcle

Challenge
Share
Tweet
Embed
Score 0/10 Timer 03:00
0 Plays Today
Cliffhanger Season % Correct
Ross says the wrong name at his wedding4
98.9%
Rachel has her baby and gets proposed to8
98.9%
Ross is forced to choose between Bonnie and Racel3
98.6%
Chandler proposes to Monica 6
98.6%
Ross and Rachel get back together again, Chandler and Monica take the twins to the new house10
98.6%
Rachel goes to the airport to see Ross1
98.4%
Monica and Richard break up, Chandler dates Janice again2
98.4%
Monica and Chandler get married, Rachel discovers she's pregnant7
98.4%
Joey and Rachel get together9
98.4%
Ross and Rachel get married5
97.5%

You're not logged in!

Compare scores with friends on all Sporcle quizzes.
Sign Up with Email
OR
Log In

You Might Also Like...

Show Comments

Extras

Top Quizzes Today


Score Distribution

Your Account Isn't Verified!

In order to create a playlist on Sporcle, you need to verify the email address you used during registration. Go to your Sporcle Settings to finish the process.